000 02204cam a22004577a 4500
003 CHAP
005 20220329133545.0
008 971013m1980 es r 00110 spa d
010 _a7859
011 _a8831
035 _a8063
040 _cCHAP
082 0 4 _a630.8346
_bE8
110 2 _aEspaña. Ministerio de Agricultura, Pesca y Alimentación
_937712
245 1 0 _aAnuario de estadística agraria
_c/por Ministerio de Agricultura, Pesca y Alimentacion
260 _aMadrid :
_bEl Ministerio,
_c1980-19 .
300 _av.
500 _ac. de España. Ministerio de Agricultura
500 _aContinua como : Anuarío de estadística agroalimentaria
500 _aLa biblioteca tiene : 1980, 1981, 1982, 1983, 1984, 1985, 1986, 1987, 1988, 1989, 1990, 1992, 1993, 1997
590 _aBATCH-UPD
_b10
_c20130110
_lUCH01
_h2316
590 _aBATCH-UPD
_b10
_c20130410
_lUCH01
_h1607
590 _aCONVERSION
_b10
_c20130109
_lUCH01
_h1305
650 1 4 _aAgricultura
_xEstadisticas
_xEspana.
_91432
901 _aBK
942 _cLIBRO
949 _a630.8346 E8
_bBC
_cLIBRO
_d33724000008595
_eLIBRO
_f1992
_h88048
_i8063
_si
949 _a630.8346 E8
_bBC
_cLIBRO
_d33724000047064
_eLIBRO
_f1983
_h68111
_i8063
_si
949 _a630.8346 E8
_bBC
_cLIBRO
_d33724000047072
_eLIBRO
_f1982
_h62054
_i8063
_si
949 _a630.8346 E8
_bBC
_cLIBRO
_d33724000047080
_eLIBRO
_f1981
_h84565
_i8063
_si
949 _a630.8346 E8
_bBC
_cLIBRO
_d33724000047098
_eLIBRO
_f1980
_h57762
_i8063
_si
949 _a630.8346 E8
_bBC
_cLIBRO
_d33724000047171
_eLIBRO
_f1984
_h71101
_i8063
_si
949 _a630.8346 E8
_bBC
_cLIBRO
_d33724000047189
_eLIBRO
_f1985
_h74359
_i8063
_si
949 _a630.8346 E8
_bBC
_cLIBRO
_d33724000047197
_eLIBRO
_f1986
_h74359
_i8063
_si
949 _a630.8346 E8
_bBC
_cLIBRO
_d33724000047205
_eLIBRO
_f1987
_h79624
_i8063
_si
949 _a630.8346 E8
_bBC
_cLIBRO
_d33724000047213
_eLIBRO
_f1988
_h79621
_i8063
_si
949 _a630.8346 E8
_bBC
_cLIBRO
_d33724000047239
_eLIBRO
_f1990
_h84567
_i8063
_si
949 _a630.8346 E8
_bBC
_cLIBRO
_d33724000561957
_eLIBRO
_f1989
_h84566
_i8063
_si
949 _a630.8346 E8
_bBC
_cLIBRO
_d33724000633129
_eLIBRO
_f1993
_h91769
_i8063
_si
949 _a630.8346 E8
_bBC
_cLIBRO
_d33724000727046
_eLIBRO
_f1997
_h95471
_i8063
_si
999 _c7859
_d7859